[Event "10. Open Pueblo Nuevo 2023"]
[Site "Madrid ESP"]
[Date "2023.09.25"]
[Round "3.17"]
[White "Martinez Miura, Enrique"]
[Black "Moreno Ortega, Jose Francisco"]
[Result "1-0"]
[WhiteElo "1473"]
[BlackElo "1227"]
[PlyCount "73"]
[EventDate "2023.09.23"]
[EventType "swiss"]
[EventRounds "9"]
[EventCountry "ESP"]
[SourceTitle "Ajedrez en Madrid"]
[Source "lmi"]
[SourceDate "2023.09.23"]
[SourceVersion "1"]
[SourceVersionDate "2023.10.01"]
[SourceQuality "1"]

1. e4 e5 2. Nf3 Nc6 3. Bb5 Nge7 4. O-O Ng6 5. d4 exd4 6. Nxd4 Qf6 7. Be3 Bc5 8.
c3 O-O 9. Nf5 Bxe3 10. Nxe3 a6 11. Nd5 Qe5 12. Bd3 Nf4 13. Nxf4 Qxf4 14. Nd2 d6
15. h3 Be6 16. Nf3 Rfe8 17. Nd4 Nxd4 18. cxd4 Rad8 19. d5 Bd7 20. Rc1 c6 21.
Rc3 c5 22. Bc2 Qg5 23. Rg3 Qe5 24. b3 b5 25. Re1 Re7 26. Rge3 Qg5 27. Rg3 b4
28. Rxg5 f6 29. Rg3 Rde8 30. Rge3 Re5 31. f4 R5e7 32. Bd3 a5 33. Bc4 Rb8 34. e5
fxe5 35. fxe5 Rbe8 36. Qd2 dxe5 37. d6+ 1-0

[Event "10. Open Pueblo Nuevo 2023"]
[Site "Madrid ESP"]
[Date "2023.09.26"]
[Round "4.1"]
[White "Longa Yauca, Javier"]
[Black "Martinez Fernandez, Raul"]
[Result "0-1"]
[WhiteElo "2197"]
[BlackElo "2228"]
[PlyCount "96"]
[EventDate "2023.09.23"]
[EventType "swiss"]
[EventRounds "9"]
[EventCountry "ESP"]
[SourceTitle "Ajedrez en Madrid"]
[Source "lmi"]
[SourceDate "2023.09.23"]
[SourceVersion "1"]
[SourceVersionDate "2023.10.01"]
[SourceQuality "1"]

1. Nf3 Nf6 2. b3 d5 3. Bb2 c5 4. e3 e6 5. d4 b6 6. Bb5+ Bd7 7. Bd3 Bd6 8. Ne5
Bc8 9. Bb5+ Nbd7 10. c4 O-O 11. O-O Qc7 12. f4 Ne4 13. cxd5 exd5 14. Bc6 Rb8
15. Bxd5 Ndf6 16. Bc4 b5 17. Be2 Nd5 18. Bf3 Nxe3 19. Qe2 Nxf1 20. Bxe4 cxd4
21. Bxd4 Bc5 22. Bxc5 Qxc5+ 23. Kxf1 Qc1+ 24. Qe1 Qxf4+ 25. Nf3 Re8 26. Bxh7+
Kxh7 27. Qxe8 Be6 28. Qe7 Qc1+ 29. Kf2 Qb2+ 30. Nbd2 Qxa1 31. Ng5+ Kg6 32. Ndf3
Qf6 33. Qxa7 Rc8 34. Qe3 Qf5 35. h3 Bd5 36. Kg3 Bxf3 37. Nxf3 Kh7 38. a4 b4 39.
Qd4 Qc5 40. Qe4+ Kg8 41. h4 Qd6+ 42. Kf2 Rc3 43. Qe8+ Qf8 44. Qe4 Qc5+ 45. Kg3
Qd6+ 46. Kf2 Rxb3 47. Qa8+ Qf8 48. Qa5 Rc3 0-1

[Event "10. Open Pueblo Nuevo 2023"]
[Site "Madrid ESP"]
[Date "2023.09.26"]
[Round "4.3"]
[White "Mkrtchyan, Levon"]
[Black "Martin Duque, Jesus"]
[Result "1-0"]
[WhiteElo "2233"]
[BlackElo "2370"]
[PlyCount "121"]
[EventDate "2023.09.23"]
[EventType "swiss"]
[EventRounds "9"]
[EventCountry "ESP"]
[SourceTitle "Ajedrez en Madrid"]
[Source "lmi"]
[SourceDate "2023.09.23"]
[SourceVersion "1"]
[SourceVersionDate "2023.10.01"]
[SourceQuality "1"]

1. e4 c6 2. d4 d5 3. Nc3 dxe4 4. Nxe4 Nf6 5. Nxf6+ exf6 6. c3 Bd6 7. Bd3 O-O 8.
Qc2 Re8+ 9. Ne2 h5 10. O-O h4 11. h3 Nd7 12. Bd2 Nf8 13. Rae1 Bc7 14. f4 g6 15.
f5 g5 16. Qd1 Qd6 17. Nf4 Bd7 18. Qh5 Rxe1 19. Rxe1 Re8 20. Rxe8 Bxe8 21. Ne2
Nd7 22. Qf3 Nb6 23. Qe3 Bd7 24. c4 Nc8 25. Kf1 b6 26. b4 Qe7 27. Qf3 c5 28. Nc3
cxd4 29. Nd5 Qe5 30. Qg4 Bd8 31. Bf4 Qe8 32. Nxf6+ Bxf6 33. Bxg5 Bg7 34. Bf6
Qf8 35. Qg5 Bc6 36. c5 bxc5 37. bxc5 a5 38. Bxd4 f6 39. Bc4+ Kh8 40. Qh5+ Bh6
41. Be3 Qg7 42. Qxh6+ Qxh6 43. Bxh6 Be4 44. Be6 Ne7 45. Bf8 Nxf5 46. Bxf5 Bxf5
47. c6 Be6 48. c7 Kh7 49. Bc5 Kg6 50. a4 Kf7 51. Bb6 Ke7 52. Bxa5 Kd7 53. Be1
Bc4+ 54. Kg1 Kxc7 55. Bxh4 f5 56. a5 Kd6 57. Bg5 Ke5 58. g3 Kd5 59. h4 Ke6 60.
Kf2 Ke5 61. Bf4+ 1-0

[Event "10. Open Pueblo Nuevo 2023"]
[Site "Madrid ESP"]
[Date "2023.09.26"]
[Round "4.4"]
[White "Iriarte Diez, Enrique"]
[Black "Rottenwohrer Suarez, Juan"]
[Result "0-1"]
[WhiteElo "1872"]
[BlackElo "2281"]
[PlyCount "296"]
[EventDate "2023.09.23"]
[EventType "swiss"]
[EventRounds "9"]
[EventCountry "ESP"]
[SourceTitle "Ajedrez en Madrid"]
[Source "lmi"]
[SourceDate "2023.09.23"]
[SourceVersion "1"]
[SourceVersionDate "2023.10.01"]
[SourceQuality "1"]

1. d4 Nf6 2. Bg5 d5 3. e3 c5 4. c3 Nbd7 5. Nd2 h6 6. Bh4 Qb6 7. Qb3 c4 8. Qxb6
axb6 9. a3 b5 10. h3 Nb6 11. g4 g5 12. Bg3 h5 13. gxh5 Rxh5 14. Bg2 Bf5 15. Be5
Nfd7 16. e4 Nxe5 17. dxe5 Be6 18. Ngf3 Bg7 19. O-O-O O-O-O 20. Nd4 Bxe5 21.
Nxb5 Bf4 22. Nd4 Bd7 23. Ne2 Bc7 24. Ng3 Rh7 25. Kb1 Bf4 26. Ndf1 Bc6 27. Nf5
Ba4 28. Nxe7+ Kd7 29. Nxd5 Bxd1 30. Nxb6+ Ke6 31. Nxc4 Be2 32. Nfe3 b5 33. Na5
Rd2 34. Kc1 Bxe3 35. fxe3 Rd6 36. Nb3 Kd7 37. Nd4 Bc4 38. e5 Rb6 39. Rd1 Kc7
40. b3 Be6 41. Nxe6+ Rxe6 42. Rd5 Rb6 43. Kd2 Rh8 44. Kd3 Rd8 45. e4 Ra8 46.
Rc5+ Kd7 47. Rd5+ Ke7 48. Kd4 Rxa3 49. Kc5 Rb8 50. Kb4 Ra2 51. Bf3 Rc2 52. Bg4
Rb7 53. Bf5 Rc7 54. Rd3 Rb2 55. Rd5 Rc2 56. Rd3 Rc1 57. Bg4 Rb1 58. Rd5 Rc4+
59. Kxb5 Rxc3 60. b4 Rc7 61. Kb6 Rc4 62. b5 Rbb4 63. Bf5 Rd4 64. Rxd4 Rxd4 65.
Kc7 Rc4+ 66. Kb7 Rc5 67. b6 Kd8 68. e6 fxe6 69. Bxe6 Ke7 70. Bd5 Rc3 71. Ka6
Ra3+ 72. Kb5 Kd6 73. b7 Kc7 74. Be6 Kxb7 75. Kc5 Kc7 76. Kd4 Kd6 77. Bf5 Ra4+
78. Ke3 Ke5 79. Kf3 Ra1 80. Kg3 Rg1+ 81. Kf2 Rh1 82. Kg2 Ra1 83. Kf3 Kf6 84.
Kg4 Rf1 85. Kg3 Rf4 86. Bh7 Kg7 87. Bf5 Kh6 88. Kg2 Kh5 89. Kg3 Kh6 90. Kg2 Kg7
91. Kg3 Kf6 92. Kg2 Ke5 93. Kg3 Kd4 94. Kg2 Ke3 95. Kg3 Rf1 96. Kg2 Rf3 97. Kg1
Kf4 98. Kg2 Rb3 99. Kf2 Rb2+ 100. Kf1 Kf3 101. Ke1 Rh2 102. Kd1 Ke3 103. Kc1
Kd3 104. e5+ Kc3 105. Kd1 Rd2+ 106. Ke1 Rd5 107. Kf2 Kd4 108. Kg3 Kxe5 109. Bh7
Rd4 110. Bc2 Rc4 111. Bh7 Rc1 112. Bg6 Rg1+ 113. Kf3 Kf6 114. Be4 Kg7 115. Bf5
Kh6 116. Bg4 Ra1 117. Ke4 Ra4+ 118. Kf5 Rf4+ 119. Ke6 Kg6 120. Ke5 Rf1 121. Ke4
Kf6 122. Kd5 Re1 123. Kd4 Re8 124. Kd5 Ra8 125. Ke4 Ra4+ 126. Kd5 Ra2 127. Ke4
Ra8 128. Kd5 Re8 129. Kd4 Re5 130. Kc4 Ke7 131. Kd4 Kd6 132. Bc8 Re8 133. Bg4
Rf8 134. Ke4 Rf4+ 135. Ke3 Ke5 136. Bd7 Rd4 137. Bc8 Rc4 138. Bd7 Rc3+ 139. Kf2
Kf4 140. Kg2 Rc2+ 141. Kg1 Kg3 142. Kf1 Rc1+ 143. Ke2 Rh1 144. Ke3 Rxh3 145.
Bxh3 Kxh3 146. Kf2 g4 147. Kg1 Kg3 148. Kh1 Kf2 0-1

[Event "10. Open Pueblo Nuevo 2023"]
[Site "Madrid ESP"]
[Date "2023.09.26"]
[Round "4.5"]
[White "Pena Hernandez, Francisco Javier"]
[Black "Pinto, Daniel"]
[Result "0-1"]
[WhiteElo "1769"]
[BlackElo "2274"]
[PlyCount "62"]
[EventDate "2023.09.23"]
[EventType "swiss"]
[EventRounds "9"]
[EventCountry "ESP"]
[SourceTitle "Ajedrez en Madrid"]
[Source "lmi"]
[SourceDate "2023.09.23"]
[SourceVersion "1"]
[SourceVersionDate "2023.10.01"]
[SourceQuality "1"]

1. e4 e5 2. Nf3 Nc6 3. Bb5 a6 4. Ba4 Nf6 5. O-O b5 6. Bb3 Be7 7. Re1 O-O 8. c3
d6 9. h3 Re8 10. d3 Bf8 11. Be3 h6 12. Nbd2 Ne7 13. a4 Bb7 14. Qc2 Ng6 15. axb5
axb5 16. Rxa8 Qxa8 17. Rc1 c5 18. Qd1 d5 19. Ra1 Qd8 20. exd5 Nxd5 21. Ne4 c4
22. Bc2 Nxe3 23. fxe3 Qb6 24. Qe1 cxd3 25. Bxd3 f5 26. Nf6+ Qxf6 27. Bxb5 Rd8
28. Kh1 Kh7 29. Nd2 Nh4 30. Bf1 Qg5 31. Qf2 Bc5 0-1

[Event "10. Open Pueblo Nuevo 2023"]
[Site "Madrid ESP"]
[Date "2023.09.26"]
[Round "4.6"]
[White "Barahona Torrijos, Angel"]
[Black "Gallego Bergada, Antoni"]
[Result "0-1"]
[WhiteElo "1745"]
[BlackElo "2118"]
[PlyCount "46"]
[EventDate "2023.09.23"]
[EventType "swiss"]
[EventRounds "9"]
[EventCountry "ESP"]
[SourceTitle "Ajedrez en Madrid"]
[Source "lmi"]
[SourceDate "2023.09.23"]
[SourceVersion "1"]
[SourceVersionDate "2023.10.01"]
[SourceQuality "1"]

1. e4 c5 2. a3 g6 3. d4 cxd4 4. c3 Bg7 5. cxd4 d5 6. exd5 Qxd5 7. Nf3 Nh6 8.
Nc3 Qd8 9. Bc4 O-O 10. Be3 Bg4 11. Qd2 Bxf3 12. gxf3 Nf5 13. d5 Nd7 14. h4 Rc8
15. Be2 Qa5 16. Nb5 Qxd2+ 17. Bxd2 a6 18. Nc3 h5 19. Bd3 Nd4 20. Rh3 Ne5 21.
Be4 f5 22. Bb1 Nexf3+ 23. Kd1 Nxd2 0-1

[Event "10. Open Pueblo Nuevo 2023"]
[Site "Madrid ESP"]
[Date "2023.09.26"]
[Round "4.7"]
[White "Estevez Sacristan, Deva"]
[Black "Toledo Aguirre, Gonzalo"]
[Result "1-0"]
[WhiteElo "1948"]
[BlackElo "1752"]
[PlyCount "107"]
[EventDate "2023.09.23"]
[EventType "swiss"]
[EventRounds "9"]
[EventCountry "ESP"]
[SourceTitle "Ajedrez en Madrid"]
[Source "lmi"]
[SourceDate "2023.09.23"]
[SourceVersion "1"]
[SourceVersionDate "2023.10.01"]
[SourceQuality "1"]

1. e4 e6 2. d4 d5 3. Nd2 Nf6 4. e5 Nfd7 5. Bd3 c5 6. c3 Nc6 7. Ne2 cxd4 8. cxd4
f6 9. exf6 Nxf6 10. Nf3 Bd6 11. O-O O-O 12. Bf4 Bxf4 13. Nxf4 Ne4 14. Qc1 Ng5
15. Nxg5 Qxg5 16. Bxh7+ Kxh7 17. Nxe6 Qf6 18. Nxf8+ Qxf8 19. Qg5 Qd6 20. Rfe1
Bd7 21. Rad1 Rf8 22. Re3 Kg8 23. Rg3 Rf7 24. Qg6 Qf6 25. Qxf6 Rxf6 26. Rb3 Na5
27. Rc3 Nc6 28. f3 Kf7 29. Kf2 Ke6 30. g4 g5 31. Kg3 Rf4 32. h4 Kf6 33. hxg5+
Kxg5 34. Rh1 Rxd4 35. f4+ Kg6 36. f5+ Bxf5 37. gxf5+ Kxf5 38. Rh7 Rb4 39. b3 d4
40. Rf3+ Ke4 41. Rh4+ Ke5 42. a3 Rb6 43. Kf2 a5 44. Ke2 a4 45. b4 Kd5 46. Kd2
Ne5 47. Rff4 Nc6 48. Rf6 Kc4 49. Rh5 Rb5 50. Rxb5 Kxb5 51. Kd3 Nxb4+ 52. axb4
a3 53. Kc2 Kc4 54. Rf3 1-0

[Event "10. Open Pueblo Nuevo 2023"]
[Site "Madrid ESP"]
[Date "2023.09.26"]
[Round "4.8"]
[White "Camarero Izquierdo, Juan Carlos"]
[Black "Martin Arbeloa, Fernando"]
[Result "0-1"]
[WhiteElo "1721"]
[BlackElo "1873"]
[PlyCount "94"]
[EventDate "2023.09.23"]
[EventType "swiss"]
[EventRounds "9"]
[EventCountry "ESP"]
[SourceTitle "Ajedrez en Madrid"]
[Source "lmi"]
[SourceDate "2023.09.23"]
[SourceVersion "1"]
[SourceVersionDate "2023.10.01"]
[SourceQuality "1"]

1. e4 c6 2. d4 d5 3. e5 c5 4. dxc5 e6 5. Qg4 h5 6. Qg3 Nd7 7. Bb5 Qa5+ 8. Nc3
d4 9. Nge2 dxc3 10. Nxc3 Ne7 11. O-O Nf5 12. Qh3 Nd4 13. Bxd7+ Bxd7 14. Ne4
Ne2+ 15. Kh1 Nxc1 16. Raxc1 Bc6 17. Nd6+ Bxd6 18. exd6 Qxc5 19. Rcd1 O-O-O 20.
Qg3 h4 21. d7+ Rxd7 22. Qxg7 Qf8 23. Qc3 h3 24. f3 hxg2+ 25. Kxg2 Qh6 26. Kf2
Rhd8 27. Rxd7 Rxd7 28. Ke2 Qxh2+ 29. Rf2 Qf4 30. Rf1 Qd4 31. Qxd4 Rxd4 32. b3
Bb5+ 33. c4 Rxc4 34. bxc4 Bxc4+ 35. Ke1 Bxf1 36. Kxf1 Kc7 37. Ke2 Kd6 38. Ke3
b5 39. Kd4 e5+ 40. Kc3 a5 41. a3 f5 42. Kd3 Kd5 43. Kc3 e4 44. f4 Kc5 45. Kc2
Kd4 46. Kd2 b4 47. axb4 axb4 0-1

[Event "10. Open Pueblo Nuevo 2023"]
[Site "Madrid ESP"]
[Date "2023.09.26"]
[Round "4.9"]
[White "De la Torre Campo, Rafael"]
[Black "Aldea Moreno, Marina"]
[Result "1/2-1/2"]
[WhiteElo "1719"]
[BlackElo "1643"]
[PlyCount "80"]
[EventDate "2023.09.23"]
[EventType "swiss"]
[EventRounds "9"]
[EventCountry "ESP"]
[SourceTitle "Ajedrez en Madrid"]
[Source "lmi"]
[SourceDate "2023.09.23"]
[SourceVersion "1"]
[SourceVersionDate "2023.10.01"]
[SourceQuality "1"]

1. Nf3 g6 2. c4 Nf6 3. Nc3 Bg7 4. d4 O-O 5. g3 d6 6. Bg2 c6 7. O-O Bf5 8. Nh4
Be6 9. b3 d5 10. Qd3 h6 11. Bb2 Na6 12. a3 Qb6 13. Na4 Qa5 14. c5 Qd8 15. Nc3
Nc7 16. Rae1 Qd7 17. Bc1 Rad8 18. Bf4 Nce8 19. Be5 Ne4 20. Bxg7 Kxg7 21. e3
Nxc3 22. Qxc3 Nf6 23. b4 Bh3 24. Nf3 Ne4 25. Qc2 h5 26. Ne5 Qc8 27. f3 Ng5 28.
Nd3 Rfe8 29. Nf4 Bxg2 30. Qxg2 e5 31. dxe5 Rxe5 32. h4 Nh7 33. Qd2 Rde8 34. Qd4
Kg8 35. Kg2 Nf8 36. Rf2 R5e7 37. Rfe2 Ne6 38. Nxe6 Rxe6 39. e4 dxe4 40. Rxe4
Rxe4 1/2-1/2

[Event "10. Open Pueblo Nuevo 2023"]
[Site "Madrid ESP"]
[Date "2023.09.26"]
[Round "4.10"]
[White "Fernandez Liria, Cristobal"]
[Black "Sotoca Aguado, Jose"]
[Result "0-1"]
[WhiteElo "1634"]
[BlackElo "1667"]
[PlyCount "60"]
[EventDate "2023.09.23"]
[EventType "swiss"]
[EventRounds "9"]
[EventCountry "ESP"]
[SourceTitle "Ajedrez en Madrid"]
[Source "lmi"]
[SourceDate "2023.09.23"]
[SourceVersion "1"]
[SourceVersionDate "2023.10.01"]
[SourceQuality "1"]

1. e4 c6 2. d4 d5 3. exd5 cxd5 4. Nf3 Nc6 5. Bf4 e6 6. Be2 Bd6 7. Qd2 Nf6 8.
Bxd6 Qxd6 9. Nc3 a6 10. h3 O-O 11. O-O b5 12. Nd1 Bb7 13. c3 Rac8 14. Bd3 Ne4
15. Qe2 Ne7 16. Nd2 f5 17. Re1 Qf4 18. Nf1 Rf6 19. f3 Ng5 20. Qe5 Ng6 21. Qxf4
Nxf4 22. Bc2 Rg6 23. Kf2 b4 24. Rc1 a5 25. Bb1 Ba6 26. Re3 Nf7 27. g3 Nxh3+ 28.
Kg2 Bxf1+ 29. Kxf1 Rxg3 30. Ke1 Nfg5 0-1

[Event "10. Open Pueblo Nuevo 2023"]
[Site "Madrid ESP"]
[Date "2023.09.26"]
[Round "4.11"]
[White "Lopez Guitian, Juan J."]
[Black "Jimenez Gonzalez, Marcos"]
[Result "1-0"]
[WhiteElo "1468"]
[BlackElo "1775"]
[PlyCount "99"]
[EventDate "2023.09.23"]
[EventType "swiss"]
[EventRounds "9"]
[EventCountry "ESP"]
[SourceTitle "Ajedrez en Madrid"]
[Source "lmi"]
[SourceDate "2023.09.23"]
[SourceVersion "1"]
[SourceVersionDate "2023.10.01"]
[SourceQuality "1"]

1. e4 e6 2. d4 d5 3. Nc3 Nf6 4. Bg5 Bb4 5. e5 h6 6. exf6 hxg5 7. fxg7 Rg8 8.
Qh5 Qf6 9. Nf3 Qxg7 10. Ne5 Nd7 11. Qe2 Nxe5 12. dxe5 Bd7 13. a3 Bxc3+ 14. bxc3
Bc6 15. Qe3 Qf8 16. Qd4 a6 17. a4 Qe7 18. Bd3 g4 19. g3 b6 20. h4 gxh3 21. Rxh3
Qg5 22. Be2 Qe7 23. Rh7 Bb7 24. Bh5 Rf8 25. Qf4 Bc6 26. g4 d4 27. Qxd4 Rd8 28.
Qe3 Rd5 29. g5 Qc5 30. Qxc5 Rxc5 31. f4 Be4 32. Rh6 Rxc3 33. Rxe6+ Kd7 34. Rf6
Ke7 35. a5 Rh3 36. Bd1 Rfh8 37. Rh6 Rg3 38. Be2 Rg1+ 39. Bf1 bxa5 40. Kf2 Rh1
41. Rxh1 Rxh1 42. Bd3 Bc6 43. Rxa5 Bb5 44. Ke3 Bd7 45. Rxa6 Rh8 46. Rh6 Ra8 47.
Rh7 Ra3 48. g6 Bf5 49. Rxf7+ Ke6 50. Rxf5 1-0

[Event "10. Open Pueblo Nuevo 2023"]
[Site "Madrid ESP"]
[Date "2023.09.26"]
[Round "4.12"]
[White "Veuthey Martinez, Eloy"]
[Black "Martin Garcia, Francisco Javier"]
[Result "0-1"]
[WhiteElo "1462"]
[BlackElo "1560"]
[PlyCount "33"]
[EventDate "2023.09.23"]
[EventType "swiss"]
[EventRounds "9"]
[EventCountry "ESP"]
[SourceTitle "Ajedrez en Madrid"]
[Source "lmi"]
[SourceDate "2023.09.23"]
[SourceVersion "1"]
[SourceVersionDate "2023.10.01"]
[SourceQuality "1"]

1. d4 Nf6 2. Nf3 d5 3. e3 g6 4. c4 Bg7 5. cxd5 Nxd5 6. e4 Nb6 7. a4 a5 8. Nc3
O-O 9. Be3 Nc6 10. Nb5 Bg4 11. Be2 Bxf3 12. Bxf3 Nc4 13. Bf4 e5 14. dxe5 Qxd1+
15. Rxd1 Nxb2 16. Ra1 Nd3+ 17. Kf1 0-1

[Event "10. Open Pueblo Nuevo 2023"]
[Site "Madrid ESP"]
[Date "2023.09.26"]
[Round "4.13"]
[White "Valido Gonzalez, Himar"]
[Black "Villodre Miranda, Juan Alonso"]
[Result "0-1"]
[WhiteElo "1439"]
[BlackElo "1507"]
[PlyCount "37"]
[EventDate "2023.09.23"]
[EventType "swiss"]
[EventRounds "9"]
[EventCountry "ESP"]
[SourceTitle "Ajedrez en Madrid"]
[Source "lmi"]
[SourceDate "2023.09.23"]
[SourceVersion "1"]
[SourceVersionDate "2023.10.01"]
[SourceQuality "1"]

1. e4 g6 2. d4 Bg7 3. Nc3 c6 4. f4 e6 5. Nf3 d5 6. e5 Ne7 7. Bd3 b6 8. Qe2 a5
9. Be3 Ba6 10. Nh4 Bxd3 11. Qxd3 Nd7 12. a4 f5 13. Nf3 h6 14. Qe2 h5 15. h4 Bh6
16. g3 Qc8 17. Kf2 Qa6 18. Qxa6 Rxa6 19. Rab1 0-1

[Event "10. Open Pueblo Nuevo 2023"]
[Site "Madrid ESP"]
[Date "2023.09.26"]
[Round "4.14"]
[White "Benito Mellado, Humberto"]
[Black "Becerra Baigorri, Jose"]
[Result "1/2-1/2"]
[WhiteElo "1335"]
[BlackElo "1494"]
[PlyCount "120"]
[EventDate "2023.09.23"]
[EventType "swiss"]
[EventRounds "9"]
[EventCountry "ESP"]
[SourceTitle "Ajedrez en Madrid"]
[Source "lmi"]
[SourceDate "2023.09.23"]
[SourceVersion "1"]
[SourceVersionDate "2023.10.01"]
[SourceQuality "1"]

1. d4 d5 2. c4 e6 3. Nc3 Nf6 4. Nf3 Be7 5. cxd5 exd5 6. Bf4 c6 7. a3 O-O 8. h3
Bf5 9. Qb3 b6 10. g4 Be4 11. O-O-O Bd6 12. Bxd6 Qxd6 13. Nxe4 Nxe4 14. Rh2 Nd7
15. e3 Ng5 16. Ne5 Nxe5 17. dxe5 Qxe5 18. f4 Qc7 19. Rc2 Ne4 20. Rxd5 Nc5 21.
Rcxc5 bxc5 22. Rxc5 Qd6 23. Rc3 Rfd8 24. Rd3 Qc5+ 25. Rc3 Qd5 26. Rd3 Qxb3 27.
Rxb3 Rab8 28. Rc3 Rbc8 29. Ba6 Rc7 30. e4 Rd4 31. Re3 Re7 32. Bd3 c5 33. f5
Red7 34. Bb5 Rd1+ 35. Kc2 R7d2+ 36. Kc3 Kf8 37. e5 Ke7 38. e6 f6 39. Be2 Rxe2
40. Rxe2 g6 41. Rd2 Rc1+ 42. Kb3 gxf5 43. gxf5 Rf1 44. Rd5 Rf3+ 45. Kc4 Rxh3
46. Kxc5 Rb3 47. Rd7+ Ke8 48. Rxh7 Rxb2 49. Rf7 Rb3 50. Rxa7 Rf3 51. Kd6 Rd3+
52. Kc7 Rc3+ 53. Kb6 Rb3+ 54. Kc5 Rf3 55. Ra8+ Ke7 56. Ra7+ Ke8 57. Rf7 Rxf5+
58. Kd6 Ra5 59. Rxf6 Rxa3 60. Rf5 Ra6+ 1/2-1/2

[Event "10. Open Pueblo Nuevo 2023"]
[Site "Madrid ESP"]
[Date "2023.09.26"]
[Round "4.17"]
[White "Moreno Ortega, Jose Francisco"]
[Black "Perez Pascual, Arturo"]
[Result "0-1"]
[WhiteElo "1227"]
[BlackElo "1616"]
[PlyCount "38"]
[EventDate "2023.09.23"]
[EventType "swiss"]
[EventRounds "9"]
[EventCountry "ESP"]
[SourceTitle "Ajedrez en Madrid"]
[Source "lmi"]
[SourceDate "2023.09.23"]
[SourceVersion "1"]
[SourceVersionDate "2023.10.01"]
[SourceQuality "1"]

1. Nf3 d5 2. d4 c6 3. Bf4 Nf6 4. e3 Qb6 5. b3 Bf5 6. Nc3 e6 7. Bd3 Bb4 8. Qd2
Qa5 9. Ke2 Bxc3 10. Qc1 Bxa1 11. Qxa1 Ne4 12. Bxe4 Bxe4 13. Qc1 Qa6+ 14. c4
Qxa2+ 15. Nd2 Na6 16. Qc3 dxc4 17. Ra1 Qc2 18. Qxc2 Bxc2 19. Rc1 cxb3 0-1

[Event "10. Open Pueblo Nuevo 2023"]
[Site "Madrid ESP"]
[Date "2023.09.27"]
[Round "5.1"]
[White "Martinez Ramirez, Lennis"]
[Black "Martinez Fernandez, Raul"]
[Result "1-0"]
[WhiteElo "2464"]
[BlackElo "2228"]
[PlyCount "99"]
[EventDate "2023.09.23"]
[EventType "swiss"]
[EventRounds "9"]
[EventCountry "ESP"]
[SourceTitle "Ajedrez en Madrid"]
[Source "lmi"]
[SourceDate "2023.09.23"]
[SourceVersion "1"]
[SourceVersionDate "2023.10.01"]
[SourceQuality "1"]

1. c4 e6 2. Nf3 d5 3. e3 Nf6 4. Nc3 b6 5. d4 Bb7 6. cxd5 exd5 7. Bb5+ c6 8. Bd3
Bd6 9. Ne5 Nfd7 10. f4 Qh4+ 11. g3 Qh3 12. Qc2 f6 13. Bf5 Qh6 14. e4 g6 15. Be6
fxe5 16. fxe5 Qg7 17. exd6 Qxd4 18. exd5 cxd5 19. Bf4 Na6 20. Bxd5 Bxd5 21.
Qe2+ Kd8 22. Rd1 Qc4 23. Nxd5 Qxe2+ 24. Kxe2 Kc8 25. b4 Kb7 26. a3 Rae8+ 27.
Kd2 Nab8 28. Rc1 Nc6 29. b5 Nce5 30. Rc7+ Kb8 31. Nb4 g5 32. Bxe5 Nxe5 33. Re1
Rd8 34. Na6+ Ka8 35. Rxh7 Rxd6+ 36. Ke2 Rc8 37. Rc1 Rcd8 38. Rc2 g4 39. Rhc7
Nd7 40. Rc8+ Rxc8 41. Rxc8+ Kb7 42. Re8 Rd5 43. a4 Rd4 44. Ke3 Rd1 45. Rd8 Rd6
46. Kf4 Rd4+ 47. Kf5 Rd5+ 48. Ke6 Rd4 49. Rxd7+ Rxd7 50. Kxd7 1-0

[Event "10. Open Pueblo Nuevo 2023"]
[Site "Madrid ESP"]
[Date "2023.09.27"]
[Round "5.2"]
[White "Rottenwohrer Suarez, Juan"]
[Black "Longa Yauca, Javier"]
[Result "1-0"]
[WhiteElo "2281"]
[BlackElo "2197"]
[PlyCount "65"]
[EventDate "2023.09.23"]
[EventType "swiss"]
[EventRounds "9"]
[EventCountry "ESP"]
[SourceTitle "Ajedrez en Madrid"]
[Source "lmi"]
[SourceDate "2023.09.23"]
[SourceVersion "1"]
[SourceVersionDate "2023.10.01"]
[SourceQuality "1"]

1. d4 Nf6 2. c4 d6 3. Nf3 g6 4. g3 Bg7 5. Bg2 O-O 6. O-O Nbd7 7. Nc3 e5 8. e4
Re8 9. h3 c6 10. Be3 Qa5 11. Qe2 exd4 12. Nxd4 Qc7 13. Rad1 a6 14. Qc2 Ne5 15.
b3 Qa5 16. Nde2 Bf8 17. Qd2 Bxh3 18. Nd5 Qd8 19. Bb6 Nxd5 20. Bxd8 Raxd8 21.
exd5 Bg4 22. f3 Bd7 23. Nd4 h5 24. Rfe1 Kh7 25. f4 Bh6 26. Qa5 Ng4 27. Rxe8
Rxe8 28. Re1 Rc8 29. Qb6 h4 30. Nf3 hxg3 31. Ng5+ Kg8 32. Qxb7 Bf8 33. Bh3 1-0

[Event "10. Open Pueblo Nuevo 2023"]
[Site "Madrid ESP"]
[Date "2023.09.27"]
[Round "5.3"]
[White "Pinto, Daniel"]
[Black "Estevez Sacristan, Deva"]
[Result "1-0"]
[WhiteElo "2274"]
[BlackElo "1948"]
[PlyCount "109"]
[EventDate "2023.09.23"]
[EventType "swiss"]
[EventRounds "9"]
[EventCountry "ESP"]
[SourceTitle "Ajedrez en Madrid"]
[Source "lmi"]
[SourceDate "2023.09.23"]
[SourceVersion "1"]
[SourceVersionDate "2023.10.01"]
[SourceQuality "1"]

1. Nf3 Nf6 2. g3 e6 3. Bg2 d5 4. O-O Be7 5. b3 O-O 6. Bb2 c5 7. c4 Nc6 8. e3 b6
9. Qe2 Ba6 10. d3 Rc8 11. Nc3 Qc7 12. Nb5 Qb8 13. e4 dxe4 14. dxe4 e5 15. Nh4
Bxb5 16. cxb5 Nd4 17. Qc4 Ne8 18. Nf5 Bf6 19. Nxd4 cxd4 20. Qd3 Nc7 21. Ba3
Rfd8 22. Rac1 Ne6 23. Bh3 Bg5 24. Rc6 Nc5 25. Bxc5 Rxc6 26. bxc6 bxc5 27. Bd7
Qd6 28. Rd1 h5 29. h4 Be7 30. Kg2 Rb8 31. Rc1 Bd8 32. Qc4 Be7 33. b4 Qc7 34. b5
Qd6 35. a4 g5 36. hxg5 Rd8 37. Qd5 Qxd5 38. exd5 Bd6 39. Kf3 Kf8 40. Ke4 Ke7
41. a5 Rb8 42. Rb1 Bc7 43. a6 Kd6 44. f4 exf4 45. gxf4 Rh8 46. Rh1 Ba5 47. f5
Bd2 48. g6 fxg6 49. fxg6 Rg8 50. b6 axb6 51. a7 Ra8 52. Rxh5 Rxa7 53. g7 Ra3
54. g8=Q Re3+ 55. Kf5 1-0

[Event "10. Open Pueblo Nuevo 2023"]
[Site "Madrid ESP"]
[Date "2023.09.27"]
[Round "5.4"]
[White "Martin Arbeloa, Fernando"]
[Black "Mkrtchyan, Levon"]
[Result "0-1"]
[WhiteElo "1873"]
[BlackElo "2233"]
[PlyCount "80"]
[EventDate "2023.09.23"]
[EventType "swiss"]
[EventRounds "9"]
[EventCountry "ESP"]
[SourceTitle "Ajedrez en Madrid"]
[Source "lmi"]
[SourceDate "2023.09.23"]
[SourceVersion "1"]
[SourceVersionDate "2023.10.01"]
[SourceQuality "1"]

1. d4 d5 2. c4 e6 3. Nc3 h6 4. cxd5 exd5 5. Bf4 Nf6 6. e3 Bd6 7. Bxd6 Qxd6 8.
Bd3 O-O 9. Rc1 c6 10. Nge2 Bg4 11. O-O Bxe2 12. Nxe2 Nbd7 13. Ng3 Rfe8 14. Nf5
Qf8 15. a3 g6 16. Ng3 h5 17. h3 Qd6 18. Ne2 Ne4 19. Nc3 Nxc3 20. Rxc3 a5 21.
Qd2 a4 22. Kh1 Nf6 23. Bb1 Kg7 24. Rcc1 Re6 25. Qd1 Nd7 26. Qd3 f5 27. Qd2 Nf6
28. Rce1 Qe7 29. Qd1 Ne8 30. Qd3 Nd6 31. Qc3 Re8 32. Rd1 Qh4 33. Qc1 g5 34. Kh2
g4 35. Qd2 Rg6 36. Rg1 Nc4 37. Qc2 g3+ 38. fxg3 Qxg3+ 39. Kh1 Nxe3 40. Qe2 Ng4
0-1